00550nam a22001937a 450000500170000001000150001702000260003203500140005803700130007208200100008510000190009524500580011426000430017227000740021530000210028970000170031070000160032770000130034320220808162622.0 aENG-134359 c385.00a9789394899162 aEN-117891 bDBAD/PUB a005.1 aPandiaraj , M. aDBMS with PL/SQL Programming /cM. Pandiraj [et all ] aTamil NadubShanlax publicationsc2022 a61, 66 T.P.K. main road, Vasantha nagar, madurai bTamil nadue625003 a187p.c24cm(pbk) aC, Rajagopal aK.Sridhran  aC. Prabu